Music Quiz

Random Music or Quick Pick Quiz

Quick Pick 'H' Singers Quiz Stats

 Plays Quiz not verified by Sporcle

Challenge
Share
Tweet
Embed
Score 0/10 Timer 01:00
0 Plays Today
% Correct
Deborah Harry
91.7%
Don Henley
89.8%
Chrissie Hynde
85.8%
Michael Hutchence
80.9%
Mick Hucknall
67.4%
Morten Harket
65.2%
Colin Hay
64.9%
Roger Hodgson
61.5%
Justin Hayward
53.2%
Trevor Horn
52.3%

You're not logged in!

Compare scores with friends on all Sporcle quizzes.
Join for Free
OR
Log In

You Might Also Like...

Show Comments

Extras

Top Quizzes Today


Score Distribution

Your Account Isn't Verified!

In order to create a playlist on Sporcle, you need to verify the email address you used during registration. Go to your Sporcle Settings to finish the process.

Report this User

Report this user for behavior that violates our Community Guidelines.

Details: